Egypt and the fabrication of European identity /

محفوظ في:

مؤلفون آخرون: Harten, Stuart., Assmann, Jan., Burstein, Stanley Mayer., Bierman, Irene A.

التنسيق: كتاب

اللغة: English

منشور في: [Los Angeles] : Center for Near Eastern Studies, UCLA, c1995.

سلاسل: UCLA Near East Center colloquium series.

الموضوعات:

الوسوم: إضافة وسم

لا توجد وسوم, كن أول من يضع وسما على هذه التسجيلة!

رقم الطلب: CB245 .E49 1995

LEADER 01259nam a2200301Ia 4500
001 4489
003 OSt
005 20251110122415.0
008 130303s1995 cau b 000 0 eng d
035 |a ocm38534152 
040 |c ARCE Library 
043 |a e------  |a f-ua--- 
050 4 |a CB245 .E49 1995 
245 0 0 |a Egypt and the fabrication of European identity /  |c Stuart Harten, Jan Assmann ; commentary by Stanley Burstein ; editor, Irene A. Bierman. 
264 1 |a [Los Angeles] :   |b Center for Near Eastern Studies, UCLA,   |c c1995. 
300 |a 96 pages ;  |c 22 cm. 
490 0 |a UCLA Near East Center colloquium series. 
504 |a Includes bibliographical references. 
505 0 |a Archaeology and the unconscious : Hegel, Egyptomania, and the legitimation of Orientalism / Stuart Harten -- Jehova-Isis : the mysteries of Egypt and the quest for natural religion in the age of Enlightenment / Jan Assmann -- Commentary / Stanley M. Burstein. 
651 0 |a Egypt  |x Religion  |x Influence. 
651 0 |a Europe  |x Intellectual life  |x Egyptian influences. 
700 1 |a Harten, Stuart.  |9 31630 
700 1 |a Assmann, Jan. 
700 1 |a Burstein, Stanley Mayer.  |9 27558 
700 1 |a Bierman, Irene A. 
901 |a reviewed 
942 |c BK  |2 lcc 
999 |c 3256  |d 3256